000 00412nab a2200145Ia 4500
003 ES-SlBCS
005 20210601124053.0
008 140529s1977 xxu||||| |||| 00| 0 eng d
041 _aeng
100 1 _aAlthann, Robert
_9134706
245 0 0 _aMalachy 2,12-14 and UT 125,12-13
_c Robert Althann
650 0 4 _aMalaquías 2
_9134729
773 0 _tBiblica
_gvol. 58, nº. 3, 1977, págs. 418-421
_wRev78
942 _cAR
999 _c508765
_d508765